Vírusová infekcia

Bibliographic Details
Main Author: Rajčáni, Július, 1937- (Author)
Format: Book
Language:Slovak
PhysicalDescription:81 strán 21 cm
Published: Bratislava ProLitera 2021
ISBN:9788089668083
Subjects:

MARC

LEADER 00000cam a2200000 4500
001 vtls012127038
003 SK-MaSNL
005 20260301151300.0
008 220315s2021 xo grf 000 0 slo
015 |a SNBA2022/07 
020 |a 9788089668083  |q (brožované) 
040 |a SNK  |b slo  |c SNK  |e rda 
041 0 |a slo 
044 |a xo  |c SK 
072 7 |a 616  |x Patológia. Klinická medicína  |2 konspekt 
080 |a 616-022.6  |2 2011 
080 |a 616.9-022.6  |2 2001 
080 |a 578  |2 2011 
080 |a (036)  |2 2011 
100 1 |a Rajčáni, Július,  |d 1937-  |4 aut  |9 39647 
245 1 0 |a Vírusová infekcia  |c Július Rajčání, Ivan Hulín 
264 1 |a Bratislava  |b ProLitera  |c 2021 
300 |a 81 strán  |c 21 cm 
336 |a text  |b txt  |2 rdacontent 
337 |a bez média  |b n  |2 rdamedia 
338 |a zväzok  |b nc  |2 rdacarrier 
650 0 7 |a vírusové infekcie  |2 SNKPH  |9 78751 
650 0 7 |a vírusové choroby  |2 SNKPH  |9 949 
650 0 7 |a vírusy  |2 SNKPH  |9 687 
650 0 7 |a Viral infections  |2 SNKPHeng  |9 357068 
650 0 7 |a Viral diseases  |2 SNKPHeng  |9 321764 
650 0 7 |a Viruses  |2 SNKPHeng  |9 270145 
655 7 |a informačné publikácie  |2 SNKPH  |9 70181 
655 7 |a Information publications  |2 SNKPHeng  |9 265188 
919 |a 978-80-89668-08-3 
954 |a odborná, vedecká literatúra pôvodná (slovenská)  |2 lita 
958 |a MI 
999 |c 786166  |d 788096 
952 |a SNK  |b SNK  |y PREZ  |7 0  |p 17A1490345  |o snkSC 197321  |i snk2022/7260  |8 0  |0 0  |1 0  |4 0  |d 2022-05-10  |f 1  |l 0  |r 2025-10-20 00:00:00  |w 2026-02-24 
952 |a SNK  |b SNK  |y VYP  |7 0  |p 17A1493226  |o snkSC 197321 D1  |i snk2022/13209  |8 3  |g 4.84  |0 0  |1 0  |4 0  |d 2022-08-31  |l 0  |r 2026-02-24 01:20:12  |w 2026-02-24